000
00293nam a2200109Ia 4500
008
220204s9999 xx 000 0 und d
082
_a
82-3HB
_b
HOP
100
_a
Hope, Laura Lee
245
4
_a
The Bobbsey Twins' mystery at meadowbrook
490
_a
New York Gosset and Dunlap 1963
942
_c
BK
999
_c
37481
_d
37481